000 01693nam a2200433 i 4500
001 3431961
005 20250108181109.0
008 230612s2023 nyu 000 1 eng d
020 _a9781250792457 :
_c$8.99
020 _a1250792452 :
_c$8.99
035 _a(OCoLC)1340645829
035 _a(OCoLC)on1340645829
040 _aPABRO
_beng
_erda
_cPABRO
050 4 _aPS3617.U44
_bA84 2023
082 0 4 _a813/.6
_223
092 _aadult fiction
_bQuigley
100 1 _aQuigley, Mindy,
_eauthor.
_96482037
245 1 0 _aAshes to ashes, crust to crust /
_cMindy Quigley.
264 1 _aNew York, NY :
_bSt. Martin's Paperbacks,
_c[2023]
300 _aviii, 310 pages ;
_c18 cm.
336 _atext
337 _aunmediated
338 _avolume
490 1 _aDeep dish mystery :
_v2.
650 0 _aMurder
_xInvestigation
_vFiction.
_95673630
650 0 _aPizzerias
_vFiction.
_96407146
650 7 _aFICTION / Mystery & Detective / Cozy / Culinary.
_2bisacsh
_95779475
650 7 _aFICTION / Mystery & Detective / Women Sleuths.
_2bisacsh
_95687182
650 7 _aFICTION / Mystery & Detective / Amateur Sleuth.
_2bisacsh
_95740695
655 0 _aDetective and mystery stories.
655 7 _aDetective and mystery fiction.
_2lcgft
_95683641
655 7 _aMystery fiction.
_2gsafd
800 1 _aQuigley, Mindy.
_tDeep dish mystery.
_96482038
942 _2ddc
_cBOOK
999 _c403446
_d403446